00835nam a2200241 a 4500001001000000005001700010008004100027050002100068100004200089245009500131260002700226300002800253500003400281500000800315650003600323650003700359700002400396700002700420902000800447942001100455999001500466952011200481BRCA_269820190320203929.0021208s1956----nyua---###---#000-0#eng-# 4aDD247b.S33 19561 aSchellenberg, Walterd1910-19529763710aThe labyrinthbmemoirscWalter Schellenberg ; Introd. by Alan Bullock; tr. by Louis Hagen. aNew YorkbHarperc1956 axx, 423 p.bil.c22 cm. aIncluye índice alfabético aAA414aGuerra Mundialy1939-19459763814aServicio secretozAlemania976391 aBullock, Alan976401 aHagen, Louisetr97641 aGFM 2lcccB c2438d2438 00104070aBRCAbBRCAd2008-12-02iAA4l0oDD247 .S33 1956 (AA4)p2695r2019-03-22 00:00:00w2019-03-22yB